000
00238nam a2200097Ia 4500
008
210430s9999 xx 000 0 und d
082
_a
668.92 Y671
100
_a
Lovell
245
_a
Introduction to polymers 2nd
_c
Lovell
942
_c
BK
_2
ddc
999
_c
563619
_d
563619